Slideshow: Big 4 Award Winners of Ohio Quiz Stats

 Plays Quiz not verified by Sporcle

Score 0/15 Timer 04:00
0 Plays Today
% Correct
Lebron James
92.2%
Johnny Bench
80%
Kyrie Irving
78.9%
Joey Votto
77.8%
Corey Kluber
64.4%
Gaylord Perry
50%
Francisco Lindor
44.4%
Scott Rolen
43.3%
% Correct
Michael Brantley
42.2%
Al Rosen
38.9%
Sergei Bobrovsky
37.8%
Rick Nash
37.8%
Yan Gomes
33.3%
Steve Mason
27.8%
Nick Foligno
16.7%

You're not logged in!

Compare scores with friends on all Sporcle quizzes.
OR
Log In

You Might Also Like...

Show Comments

Extras

Top Quizzes Today


Score Distribution

Your Account Isn't Verified!

In order to create a playlist on Sporcle, you need to verify the email address you used during registration. Go to your Sporcle Settings to finish the process.

Report this User

Report this user for behavior that violates our Community Guidelines.

Details: